000 00336nam a2200133Ia 4500
005 20251222153631.0
008 251222s9999||||xx |||||||||||||| ||spa||
082 _a801/V74
100 _a Viroli, Maurizio
245 0 _aNicolás Mauquiavelo
250 _a1ra .ed
264 _bBiblioteca ABC portagonistas de la historia
942 _cLIB
999 _c32365
_d32365